Fifa 18 Player Overall 85+ - Statistiken

Allgemein
  • Dieses Quiz wurde 70 mal gespielt
  • Das Durchschnittsergebnis liegt bei 71 aus 98
Antwortstatistiken
Overall Verein Position Nationalität Alter Antwort % Korrekt
94 FC Barcelona CF Argentinien 30 Lionel Messi
100%
94 Real Madrid LW Portugal 32 Cristiano Ronaldo
98%
92 FC Barcelona ST Uruguay 30 Luis Suarez
95%
92 FC Bayern München GK Deutschland 31 Manuel Neuer
95%
92 Paris Saint-Germain LW Brasilien 25 Neymar
95%
91 FC Bayern München ST Polen 28 Robert Lewandowski
95%
89 Real Madrid CM Kroatien 31 Luka Modric
93%
90 Real Madrid CM Deutschland 27 Toni Kroos
93%
91 Manchester United GK Spanien 26 David de Gea
89%
89 Atletico Madrid GK Slowenien 24 Jan Oblak
89%
91 Manchester City CAM Belgien 26 Kevin de Bruyne
89%
90 FC Bayern München CB Deutschland 28 Mats Hummels
89%
91 FC Chelsea LW Belgien 26 Eden Hazard
88%
88 Tottenham Hotspur ST England 23 Harry Kane
88%
87 FC Bayern München CB Deutschland 28 Jerome Boateng
88%
89 Juventus Turin CAM Argentinien 23 Paulo Dybala
88%
90 Real Madrid CB Spanien 31 Sergio Ramos
88%
88 Real Madrid RW Wales 27 Gareth Bale
86%
89 Juventus Turin GK Italien 39 Gianluigi Buffon
86%
90 Juventus Turin ST Argentinien 29 Gonzalo Higuain
84%
88 FC Bayern München CM Spanien 26 Thiago
84%
88 Atletico Madrid ST Frankreich 26 Antoine Griezmann
82%
87 FC Barcelona GK Deutschland 25 Marc-Andre ter Stegen
82%
87 FC Liverpool RW Ägypten 25 Mohamed Salah
82%
88 FC Chelsea CDM Frankreich 26 N'Golo Kante
82%
89 Manchester City ST Argentinien 29 Sergio Agüero
82%
88 Tottenham Hotspur CAM Dänemark 25 Christian Eriksen
81%
89 Manchester City CAM Spanien 31 David Silva
81%
88 Paris Saint-Germain ST Uruguay 30 Edinson Cavani
81%
88 Manchester United CM Frankreich 24 Paul Pogba
81%
89 FC Chelsea GK Belgien 25 Thibaut Courtois
81%
88 Tottenham Hotspur GK Frankreich 30 Hugo Lloris
79%
87 FC Barcelona LB Spanien 28 Jordi Alba
79%
87 FC Arsenal CAM Deutschland 28 Mesut Özil
79%
86 Manchester United ST Belgien 24 Romelu Lukaku
79%
87 Paris Saint-Germain CB Brasilien 32 Thiago Silva
79%
86 FC Bayern München CF Deutschland 27 Thomas Müller
79%
88 Manchester United LW Chile 28 Alexis Sanchez
77%
87 FC Barcelona CM Spanien 33 Andres Iniesta
77%
89 Juventus Turin CB Italien 32 Giorgio Chiellini
77%
87 FC Bayern München CAM Kolumbien 25 James Rodriguez
77%
85 Real Madrid GK Costa Rica 30 Keylor Navas
77%
85 Borussia Dortmund LM Deutschland 28 Marco Reus
77%
87 Paris Saint-Germain CM Italien 24 Marco Verratti
77%
87 FC Bayern München RM Niederlande 33 Arjen Robben
75%
87 Real Madrid LB Brasilien 29 Marcelo
75%
87 FC Arsenal ST Gabun 28 Pierre-Emerick Aubameyang
75%
87 FC Barcelona CDM Spanien 28 Sergio Busquets
75%
86 FC Bayern München CDM Chile 30 Arturo Vidal
74%
86 Real Madrid CDM Brasilien 25 Casemiro
74%
85 FC Bayern München LB Österreich 25 David Alaba
74%
88 Atletico Madrid CB Uruguay 31 Diego Godin
74%
85 Manchester City CM Deutschland 26 Ilkay Gündogan
74%
85 Real Madrid ST Frankreich 29 Karim Benzema
74%
85 LA Galaxy ST Schweden 35 Zlatan Ibrahimovic
74%
86 Lazio Rom ST Italien 27 Ciro Immobile
72%
87 FC Barcelona CB Spanien 30 Gerard Pique
72%
86 FC Barcelona CM Kroatien 29 Ivan Rakitic
72%
85 Manchester City LW Deutschland 21 Leroy Sane
72%
88 Inter Mailand GK Slowenien 32 Samir Handanovic
72%
85 Bayer 04 Leverkusen GK Deutschland 25 Bernd Leno
70%
85 FC Liverpool ST Brasilien 25 Roberto Firmino
70%
85 Manchester City GK Brasilien 23 Ederson
68%
87 SSC Neapel CF Belgien 30 Dries Mertens
67%
85 FC Bayern München LM Frankreich 34 Franck Ribery
67%
86 Tottenham Hotspur CB Belgien 30 Jan Vertonghen
67%
85 AS Roma ST Bosnien & Herzegowina 31 Edin Dzeko
65%
85 Inter Mailand LM Kroatien 28 Ivan Perisic
65%
86 AC Milan CB Italien 30 Leonardo Bonucci
65%
85 SSC Neapel CB Senegal 26 Kalidou Koulibaly
63%
87 SSC Neapel CM Slowakei 29 Marek Hamsik
61%
86 Juventus Turin CM Bosnien & Herzegowina 27 Miralem Pjanic
61%
85 AS Monaco ST Kolumbien 31 Radamel Falcao
61%
85 Manchester City RW England 22 Raheem Sterling
61%
85 Real Madrid CB Frankreich 24 Raphael Varane
61%
85 Manchester City CB Belgien 31 Vincent Kompany
61%
85 Tottenham Hotspur CB Belgien 28 Toby Alderweireld
60%
87 SSC Neapel LW Italien 26 Lorenzo Insigne
58%
85 Besiktas Istanbul CB Portugal 34 Pepe
58%
87 FC Barcelona LW Brasilien 25 Philippe Coutinho
58%
85 Borussia Dortmund CB Griechenland 29 Sokratis
58%
85 Dalian Yifang LM Belgien 23 Yannick Carrasco
58%
85 FC Chelsea CM Spanien 30 Cesc Fabregas
56%
85 Atletico Madrid CM Spanien 25 Koke
54%
86 FC Chelsea CB Spanien 27 Cesar Azpilicueta
53%
85 Manchester City CDM Brasilien 32 Fernandinho
53%
86 Real Madrid CM Spanien 25 Isco
53%
85 Juventus Turin CB Marokko 30 Medhi Benatia
53%
86 Juventus Turin LB Brasilien 26 Alex Sandro
51%
85 Atletico Madrid ST Spanien 28 Diego Costa
49%
85 Manchester United CDM Serbien 28 Nemanja Matic
49%
86 Atletico Madrid LB Brasilien 31 Filipe Luis
47%
85 AS Roma CB Griechenland 26 Kostas Manolas
47%
86 AS Roma CM Belgien 29 Radja Nainggolan
47%
85 Juventus Turin CDM Frankreich 30 Blaise Matuidi
46%
85 Manchester City CB Argentinien 29 Nicolas Otamendi
46%
87 Inter Mailand ST Argentinien 24 Mauro Icardi
35%
85 Inter Mailand CB Brasilien 32 Joao Miranda
30%
Keine übereinstimmenden Quizze gefunden
Verteilung der Resultate
Anzahl Personen mit jedem Resultat
Perzentil nach korrekt beantworteten Fragen
Ihre Resultats-Entwicklung
Sie haben dieses Quiz noch nicht gespielt